Anglicko-slovenský slovník
Salvato in:
| Autore principale: | |
|---|---|
| Altri autori: | |
| Natura: | Libro |
| Lingua: | inglese slovacco |
| Pubblicazione: |
Bratislava
NOVÁ PRÁCA
2006
|
| Soggetti: | |
| Tags: |
Nessun Tag, puoi essere il primo ad aggiungerne!!
|
MARC
| LEADER | 00000nam$a2200000$$$4500 | ||
|---|---|---|---|
| 001 | 0050629 | ||
| 005 | 20240318113157.3 | ||
| 020 | |a 80-88929-80-6 | ||
| 041 | 0 | |a eng | |
| 041 | 0 | |a slo | |
| 044 | |a SK | ||
| 245 | 1 | 0 | |a Anglicko-slovenský slovník |c Josef Fronek, Pavel Mokráň |
| 264 | 1 | |a Bratislava |b NOVÁ PRÁCA |c 2006 | |
| 300 | |a 1378 s. | ||
| 610 | 2 | 0 | |a jazykoveda |
| 610 | 2 | 0 | |a terminológia |
| 610 | 2 | 0 | |a jazyky cudzie |
| 100 | 1 | |a Fronek, Josef | |
| 700 | 1 | |a Mokráň, Pavel | |